1242 1314 1187 1642 1746 1906 1192 1662 1854 1849 1775 1506 1131 1139 1763 1705 1851 1227 1449 1020 1849 1967 1066 1232 1437 1797 1567 1545 1589 1705 1851 1356 1428 1740 1452 1072 1686 1342 1667 1672 1656 1315 1771 1922 1544 1712 1035 1095 1651 1341 1595 1404 1453 1033 1320 1223 1173 1199 1398 1304 1747 1336 1083 1246 1267 1837 1002 1142 1987 1575 1881 1283 1336 1999 1603 1677 1318 1133 1445 1135 1968 1574 1213 1425 1892 1506 1799 1826 1272 1870 1126 1225 1560 1847 1738 1717 1956 1676 1006 BCNSPRNW ULIB Ver.6.0+V

เปลี่ยนเป็นภาษาไทย

Change to English
 แสดงรายละเอียดบรรณานุกรม
  กลับหน้าหลัก

Brief Record : Get Marc (ISO 2709) : E-mail record : QR code < ปิดหน้าต่าง
LEADER : 00000nam 2200000uu 4500
001    13399128979
003     ULIB
008    020711s2567 th a 000 0 tha d
020    ^a9786161153052
060    ^aWY16^bก227
245    ^aคู่มือการจัดการความรู้ สู่องค์กรแห่งการเรียนรู้ = Knowledge management manual to a learning organization (ฉบับปรับปรุง 2567)
250    ^aพิมพ์ครั้งที่ 3
260    ^aเชียงใหม่ :^bธนุชพริ้นติ้ง,^c2567
300    ^a69 หน้า;^c23 ซม.
650    ^aการจัดการความรู้ -- คู่มือ
700 0  ^aอมาวสี อัมพันศิริรัตน์, บรรณาธิการ
945    ^p0^l0^i011209
999    ^aประนอม เกษจรัล
รายการนี้ยังไม่มีแท็ก
คุณยังไม่ได้ล็อกอิน คุณสามารถมีกิจกรรมร่วมกับเว็บไซต์ได้ แต่ต้องล็อกอินก่อน ::
  ล็อกอิน

รายการสื่อสารสนเทศ

ลำดับที่ ประเภท เลขเรียก/บาร์โค้ด สถานที่ สถานะ
1. Book การพยาบาล
Book การพยาบาล
WY16 ก227 ฉ.1 
  Barcode: 011209
ห้องสมุดวิทยาเขตสวรรค์ประชารักษ์
►หนังสือทั่วไป
บนชั้น

รายการใกล้เคียง
    หัวเรื่อง [การจัดการความรู้ -- คู่มือ]

BibComment


ยังไม่เคยถูกคอมเมนท์

คอมเมนท์ทรัพยากรรายการนี้
  คอมเมนท์: คู่มือการจัดการค..


 Copyright 2026. Bcnsprnw @Library